000 00662nam a2200181Ia 4500
003 GCL
008 140319s9999 xx 000 0 ara d
040 _aGCL /
_cGCL
082 0 4 _a418
_bا ت
100 1 _aابن كمال باشا : شمس الدين احمد بن سليمان الرومى
245 1 0 _aالتنبية على غلط الجاهل والبيئة /
_cابن كمال باشا : شمس الدين احمد بن سليمان الرومى
700 1 _aمحمد سواعى (تحقيق)
300 _a123
490 _a100 قصة
_v0
650 0 4 _aاللغة العربية
650 0 4 _aاللغة العربية - اخطاء
942 _2ddc
_cBK
999 _c43995
_d43995